1820 1974 1571 1429 1076 1276 1253 1003 1241 1033 1978 1848 1014 1406 1058 1384 1994 1794 1522 1938 1571 1183 1656 1765 1782 1533 1770 1287 1488 1552 1179 1425 1294 1738 1443 1415 1890 1838 1786 1441 1399 1326 1355 1953 1306 1390 1441 1658 1034 1552 1070 1492 1567 1505 1931 1920 1921 1499 1860 1119 1956 1651 1324 1132 1704 1838 1652 1735 1658 1571 1186 1920 1738 1382 1870 1762 1010 1223 1721 1695 1040 1199 1862 1912 1173 1108 1974 1466 1447 1308 1350 1142 1482 1696 1721 1628 1923 1454 1761 BCNSPRNW ULIB Ver.6.0+V

เปลี่ยนเป็นภาษาไทย

Change to English
 แสดงรายละเอียดบรรณานุกรม
  กลับหน้าหลัก

Brief Record : Get Marc (ISO 2709) : E-mail record : QR code < ปิดหน้าต่าง
LEADER : 00000nam 2200000uu 4500
001    13399123904
003     ULIB
008    020711s2556 th a 000 0 tha d
020    9789742897062
060  4 WJ146^bช362ท
100    ชัญวลี ศรีสุโข.
245    ทำอย่างไรดี อั้นฉี่ไม่อยู่ /^cชัญวลี ศรีสุโข, เขียน
250    พิมพ์ครั้งที่ 1
260    กรุงเทพฯ :^bอมรินทร์สุขภาพ,^c2556
300    98 หน้า^bภาพประกอบ;^c21 ซม.
490 0  ชุดโรคภัยใกล้ตัว ;^vลำดับที่ 39
650    ภาวะกลั้นปัสสาวะไม่อยู่^xการรักษา.
650    ภาวะกลั้นปัสสาวะไม่อยู่^xการป้องกันและควบคุม.
650    ภาวะกลั้นปัสสาวะไม่อยู่^xการป้องกันและควบคุม.
945    ^p115^l0^i22584
945    ^p115^l0^i22585
999    ^aทศพร เกษรทอง
รายการนี้ยังไม่มีแท็ก
คุณยังไม่ได้ล็อกอิน คุณสามารถมีกิจกรรมร่วมกับเว็บไซต์ได้ แต่ต้องล็อกอินก่อน ::
  ล็อกอิน

รายการสื่อสารสนเทศ

ลำดับที่ ประเภท เลขเรียก/บาร์โค้ด สถานที่ สถานะ
1. วิทยาศาสตร์การแพทย์ และสุขภาพ
หนังสือสำรอง
สถานะ=หนังสือสำรอง
WJ146 ช362ท ฉ.1 
  Barcode: 22584
ห้องสมุดวิทยาเขตนครสวรรค์
►หนังสือทั่วไป:l:General Books
บนชั้น
2. วิทยาศาสตร์การแพทย์ และสุขภาพ
วิทยาศาสตร์การแพทย์ และสุขภาพ
สถานะ=หนังสือเก่า
WJ146 ช362ท ฉ.2 
  Barcode: 22585
ห้องสมุดวิทยาเขตนครสวรรค์
►ส่วนจัดเก็บหนังสือเก่า นว.
บนชั้น
  ขอยืม

รายการใกล้เคียง
    ผู้แต่ง [ชัญวลี ศรีสุโข.]

BibComment


ยังไม่เคยถูกคอมเมนท์

คอมเมนท์ทรัพยากรรายการนี้
  คอมเมนท์: ทำอย่างไรดี อั้นฉ..


 Copyright 2026. Bcnsprnw @Library